| 000 | 02021cam a22004454a 4500 | ||
|---|---|---|---|
| 999 |
_c28866 _d28837 |
||
| 001 | 12133706 | ||
| 003 | EG-ScBUE | ||
| 005 | 20200928110410.0 | ||
| 006 | m||||fq||h 00| 0 | ||
| 008 | 000807t2001 nyua f d 001 0 eng d | ||
| 020 | _a0766812073 | ||
| 020 | _a9780766812079 | ||
| 040 |
_aDLC _beng _erda _cDLC _dDLC _dEG-ScBUE |
||
| 082 | 0 | 4 |
_a362.10681 _bMOI _222 |
| 100 | 1 |
_aMoisio, Marie A., _eauthor. |
|
| 245 | 1 | 2 |
_aA guide to health insurance billing / _cMarie A. Moisio, MA, RHIA, Northern Michigan University. |
| 264 | 1 |
_aAlbany, NY : _bDelmar Thomson Learning, _c[2001] |
|
| 264 | 4 | _cc2001 | |
| 300 |
_axvi, 492 pages : _billustrations ; _c28 cm + _e1 CD |
||
| 336 |
_2rdacontent _atext _btxt |
||
| 336 |
_2rdacontent _asounds _bsnd |
||
| 337 |
_2rdamedia _aunmediated _bn |
||
| 337 |
_2rdamedia _aaudio _bs |
||
| 338 |
_2rdacarrier _avolume _bnc |
||
| 338 |
_2rdacarrier _acomputer disc _bcd |
||
| 500 | _aIncludes index. | ||
| 500 | _aIncludes glossary. | ||
| 500 | _aIncludes appendices. | ||
| 538 | _aSystem requirements: Microsoft Windows 95 or better. 486 Mhz CPU (Pentium recommended). 16 MB or more of RAM. Double-spin CD-ROM drive. 10 MB or more free hard drive space. 256 color display or better. | ||
| 650 | 7 |
_aHealth insurance claims. _2BUEsh |
|
| 650 | 7 |
_aHealth insurance _xFinance. _2BUEsh |
|
| 653 |
_bGGEN _cSeptember2020 |
||
| 655 |
_vReading book _934232 |
||
| 856 | 4 | 2 |
_3Contributor biographical information _uhttp://www.loc.gov/catdir/enhancements/fy1514/00060328-b.html |
| 856 | 4 | 2 |
_3Publisher description _uhttp://www.loc.gov/catdir/enhancements/fy1514/00060328-d.html |
| 856 | 4 | 1 |
_3Table of contents only _uhttp://www.loc.gov/catdir/enhancements/fy1514/00060328-t.html |
| 906 |
_a7 _bcbc _corignew _d1 _eocip _f20 _gy-gencatlg |
||
| 942 |
_2ddc _cBB |
||